Statistics for Capitals of the Provinces of the Netherlands (with a map)

Click here to take the quiz!

General Stats

  • This quiz has been taken 318 times
  • The average score is 9 of 12

Answers on the Map

Answers color-coded by a green-red scale on the quiz's map according to % correct below.
Loading ...
 

Answer Stats

ProvinceCapital% Correct
UtrechtUtrecht
91%
GroningenGroningen
89%
LimburgMaastricht
86%
South HollandThe Hague
82%
North HollandHaarlem
74%
FryslânLeeuwarden
68%
GelderlandArnhem
68%
FlevolandLelystad
67%
ZeelandMiddelburg
67%
OverijsselZwolle
66%
DrentheAssen
63%
North Brabant's-Hertogenbosch
62%

Score Distribution

Percentile by Number Answered

Percent of People with Each Score

Your Score History

You have not taken this quiz